000
00274nam a2200109Ia 4500
008
200302s9999 xx 000 0 und d
100
_a
Hudson Home Guides
245
_a
Practical Guide to Solar Homes
260
_b
Bantam / Hudson Idea Books
260
_c
1977
300
_a
140 P.,
999
_c
112
_d
112